=LDR 00000nam 2200000 4500 =001 INLIS000000000037323 =005 20130612143046 =008 ***********************************Ind** =035 ##$$0010-061300000037323 =041 ##$$a Ind =082 ##$$a 641.862 =090 ##$$a 641.862, Unt d =100 ##$$a Untari, Dewi =245 ##$$a 28 Resep minuman tradisional untuk usaha boga yang menjanjikan, Bukan sekedar es cendol dan es dawet biasa/Dewi Utari; Editor, Intarina Hardiman =260 ##$$a 2011 $b Jakarta =300 ##$$a 62 hlm., Ilus., 23 cm =650 ##$$a Es cendol =700 ##$$a Hardiman, Intarina =850 ##$$a NBPNMAT